| 000 | 00819nam a2200241Ia 4500 | ||
|---|---|---|---|
| 003 | IN-BaIIA | ||
| 008 | 211028s9999 xx 000 0 eng d | ||
| 020 | _a90-277-2474-1 | ||
| 040 | _cIIA Library | ||
| 080 |
_a082.2:52 _bIAU-S121 |
||
| 245 | 0 |
_aObservational evidence of activity in galaxies _cedited by E. Ye Khachikian, Fricke, K. J and Melnick, J |
|
| 260 |
_aDordrecht _bD. Reidel Publishing _c1987 |
||
| 300 | _axxii, 601p. | ||
| 490 | _aIAU Symposium; no. 121 | ||
| 650 |
_aActive galaxies _91285 |
||
| 650 | _aAstronomy and Astrophysics thesaurus | ||
| 650 |
_aRadio sources _93666 |
||
| 650 |
_aSeyfert galaxies _915370 |
||
| 700 |
_aFricke, K. J., ed. _915371 |
||
| 700 |
_aKhachikian, E. Ye., ed. _915372 |
||
| 700 |
_aMelnick, J., ed. _915373 |
||
| 942 | _cBK | ||
| 999 |
_c9150 _d9150 |
||